Nature displaced, nature displayed (Record no. 114387)
[ view plain ]
| 000 -LEADER | |
|---|---|
| fixed length control field | 01241nam a2200313Ia 4500 |
| 100 1# - MAIN ENTRY--AUTHOR NAME | |
| Personal name | Johnson, Nuala Christina, |
| 245 10 - TITLE STATEMENT | |
| Title | Nature displaced, nature displayed |
| 260 ## - PUBLICATION, DISTRIBUTION, ETC. (IMPRINT) | |
| Place of publication | London ; |
| -- | New York : |
| Name of publisher | I.B. Tauris, |
| Year of publication | 2011. |
| 300 ## - PHYSICAL DESCRIPTION | |
| Number of Pages | xv, 267 p. : |
| Other physical details | ill. |
| 650 #0 - SUBJECT ADDED ENTRY--TOPICAL TERM | |
| Topical Term | Botanical gardens |
| Topical Term | Botanical gardens |
| 856 40 - ELECTRONIC LOCATION AND ACCESS | |
| Uniform Resource Identifier | http://site.ebrary.com/lib/rucke/Doc?id=10504504 |
No items available.
